Az 1744. évi erdélyi árszabás

Elmentve itt :
Bibliográfiai részletek
Szerző: Koncz József
Dokumentumtípus: Cikk
Megjelent: 1895
Sorozat:Magyar gazdaságtörténelmi szemle 2
Kulcsszavak:Közgazdaságtudomány, Gazdaságtörténet
Online Access:http://misc.bibl.u-szeged.hu/88
LEADER 00589nab a2200169 i 4500
001 misc88
005 20191106144302.0
008 170607s1895 hu o 0|| hun d
040 |a SZTE Miscellanea Repozitórium  |b hun 
041 |a hun 
100 1 |a Koncz József 
245 1 3 |a Az 1744. évi erdélyi árszabás  |h [elektronikus dokumentum] /  |c  Koncz József 
260 |c 1895 
300 |a 186-195 
490 0 |a Magyar gazdaságtörténelmi szemle  |v 2 
695 |a Közgazdaságtudomány, Gazdaságtörténet 
856 4 0 |u http://misc.bibl.u-szeged.hu/88/1/gazd_tort_szeml_1895_186-195.pdf  |z Dokumentum-elérés